00889 a2200193 45000010006000000050017000060080041000230030015000640400040000790800045001192450041001640200018002052640032002233000019002555050297002740410008005711000021005798560095006005715320260407155834.0260407a1994 arg spa dAR-UNSa-BCEJYS aAR-UNSa-BCEJYSbspacAR-UNSa-BCEJYS a37.015.3xPsicología de la educación10aEducación y filosofía en el aula a84-493-0068-1 1aBarcelona :bPaidósc1994 a123 p.c22 cm. a1. Nuevo concepto de educación – 2. Comienza el curso – 3. Yo soy el profesor – 4. Investigando en el aula: buscamos la verdad – 5. Nuestro primer día – 6. Descubrimos, investigamos y aprendemos juntos – 7. Evaluación, autoevaluación o que – 8. Y llegamos a este punto.  aspa1 aCalvo, José M.41uhttps://biblioeco.unsa.edu.ar/pmb/images/libros/L128723.jpgyImagen de portadaqimage/jpeg